Tìm hiểu nền hành chính Hàn Quốc và Việt Nam
Enregistré dans:
| Auteur principal: | |
|---|---|
| Format: | Livre |
| Langue: | Undetermined |
| Publié: |
Hà Nội
Thống Kê
2001
|
| Sujets: | |
| Tags: |
Ajouter un tag
Pas de tags, Soyez le premier à ajouter un tag!
|
| Thư viện lưu trữ: | Trung tâm Học liệu Trường Đại học Cần Thơ |
|---|
| LEADER | 00545nam a2200169Ia 4500 | ||
|---|---|---|---|
| 001 | CTU_44260 | ||
| 008 | 210402s9999 xx 000 0 und d | ||
| 082 | |a 351.5 | ||
| 082 | |b B312 | ||
| 100 | |a Ngô Xuân Bình | ||
| 245 | 0 | |a Tìm hiểu nền hành chính Hàn Quốc và Việt Nam | |
| 245 | 0 | |c Ngô Xuân Bình | |
| 260 | |a Hà Nội | ||
| 260 | |b Thống Kê | ||
| 260 | |c 2001 | ||
| 650 | |a public administration - korea,public administration - vietnam | ||
| 980 | |a Trung tâm Học liệu Trường Đại học Cần Thơ | ||